Memòria : referent a un projecte de ferrocarril de Mora la Nova a Gandesa referent a un projecte de ferrocarril de Mora la Nova a Gandesa
Descripción Física:
18 p. ; 18 cm
Materias:
Ferrocarrils -- Tarragona (Província)
MARC
| LEADER | 00000nam a2200000Ia 4500 | ||
|---|---|---|---|
| 001 | 18483 | ||
| 008 | 160829s1918 xx 000 0 cat d | ||
| 080 | |a RF-3-5 | ||
| 245 | |a Memòria : |b referent a un projecte de ferrocarril de Mora la Nova a Gandesa | ||
| 260 | |a Gandesa : |b Impremta Enric Sabaté, |c 1918 | ||
| 300 | |a 18 p. ; |c 18 cm | ||
| 590 | |a Prové de 3196, exp. 1 | ||
| 650 | |a Ferrocarrils |x Tarragona (Província) |9 47246 | ||
| 856 | 4 | |u https://media.diba.cat/diba/fitxers/arxiu/fulletons/bib_18483_1918_baixa.pdf |y Accés lliure | |
| 856 | 4 | |u https://media.diba.cat/diba/fitxers/arxiu/fulletons/bib_18483_1918_baixa.pdf |y Accés lliure | |
| 901 | |a Arxiu | ||
| 942 | |n 1 |2 udc | ||
| 952 | |0 0 |1 0 |4 0 |6 RF35 |7 1 |9 53770 |a Arxiu |b Arxiu |d 2016-12-01 |l 0 |o RF-3-5 |p 18483 |r 2016-12-01 00:00:00 |w 2016-12-01 |y ARXIU | ||
| 999 | |c 57636 |d 57636 | ||
| 900 | |a bib_18483_1918_baixa.pdf | ||